00903cam a22003374i 4500003000900000005001700009008004100026035001800067040003300085082002000118100003900138245005200177264005500229300002800284336002100312337002500333338002300358505005300381526001000434526001000444526001000454526001000464526000800474526000800482526000800490526000800498526000800506526000800514526000800522650003500530PE-LiUPU20250731173437.0150616s r 000 0 d a(Sirsi) a5547 aPE-LiUPUbspacPE-LiUPUerda04a262.52bL832211 aLópez de Ayala, Ignacio,eautor.13aEl Sacrosanto y Ecuménico Concilio de Trento. 1aParís :bLibrería de A. Bouret y Morel,c1848. a499 páginas ;c21 cm. atext2rdacontent aunmediated2rdamedia avolume2rdacarrier0 aLos acuerdos del concilio ecuménico de Trento. aSEG42 aSEG41 aSEG40 aSEG39 aP94 aP87 aP86 aP85 aP77 aP76 aP3504aCONCILIO DE TRENTO, 1545-1563.